|
|
|
|
| LEADER |
02540nam a22004097a 4500 |
| 001 |
33219 |
| 003 |
BD-DhAAL |
| 005 |
20211129101827.0 |
| 008 |
180705t2018 uk a|||| |||| 001 0 eng d |
| 999 |
|
|
|c 39508
|d 39508
|
| 020 |
|
|
|a 9781292222189
|
| 020 |
|
|
|a 1292222182
|
| 040 |
|
|
|a BD-DhAAL
|
| 082 |
|
|
|2 21
|a 658.15
|
| 100 |
|
|
|a Titman, Sheridan
|9 26518
|
| 245 |
|
|
|a Financial management :
|b principles and applications /
|c Sheridan Titman, Arthur J. Keown and John D. Martin
|
| 250 |
|
|
|a 13th edition
|b Global edition
|
| 260 |
|
|
|a Harlow, United Kingdom :
|b Pearson Education Limited,
|c c2018
|
| 300 |
|
|
|a 718 pages :
|b color illustrations ;
|c 28 cm.
|
| 490 |
|
|
|a Pearson series in finance
|
| 500 |
|
|
|a Previous edition: 2014
|
| 504 |
|
|
|a Includes indexes.
|
| 520 |
|
|
|a The "10 Principles of Finance" formerly "Axioms" provide the framework, or "the big picture" of finance, which ties the major concepts of the book together. This text constitutes a strong basis on which to build future studies and, for those students who are non-finance majors, a lasting understanding in the fundamentals of finance.
|
| 526 |
|
|
|a BBS
|
| 541 |
|
|
|a STS International
|e 33219, 33220, 33221, 33222, 33527
|
| 650 |
|
|
|a Business enterprises
|x Finance
|9 26519
|
| 650 |
|
|
|a Corporations
|x Finance
|9 26520
|
| 650 |
|
|
|a Business & finance.
|9 43272
|
| 700 |
|
|
|a Keown, Arthur J.
|9 26521
|
| 700 |
|
|
|a Martin, John D.
|9 26522
|
| 852 |
|
|
|a Ayesha Abed Library
|c General Stacks
|
| 942 |
|
|
|2 ddc
|c BK
|
| 952 |
|
|
|0 0
|1 0
|2 ddc
|4 0
|6 658_150000000000000_TIT
|7 0
|9 63563
|a BRACUL
|b BRACUL
|c GEN
|d 2018-07-03
|e STS International
|g 5300.00
|l 7
|m 56
|o 658.15 TIT
|p 3010033222
|q 2022-12-22
|r 2020-01-13
|s 2020-01-13
|t 4
|v 5300.00
|w 2018-07-03
|y BK
|
| 952 |
|
|
|0 0
|1 0
|2 ddc
|4 0
|6 658_150000000000000_TIT
|7 0
|9 63564
|a BRACUL
|b BRACUL
|c GEN
|d 2018-07-03
|e STS International
|g 5300.00
|l 11
|m 101
|o 658.15 TIT
|p 3010033220
|r 2025-10-12
|s 2025-10-08
|t 2
|v 5300.00
|w 2018-07-03
|y BK
|
| 952 |
|
|
|0 0
|1 0
|2 ddc
|4 0
|6 658_150000000000000_TIT
|7 0
|9 63565
|a BRACUL
|b BRACUL
|c GEN
|d 2018-07-03
|e STS International
|g 5300.00
|l 8
|m 98
|o 658.15 TIT
|p 3010033221
|r 2026-03-08
|s 2026-03-08
|t 3
|v 5300.00
|w 2018-07-03
|y BK
|
| 952 |
|
|
|0 0
|1 0
|2 ddc
|4 0
|6 658_150000000000000_TIT
|7 0
|9 63566
|a BRACUL
|b BRACUL
|c GEN
|d 2018-07-03
|e STS International
|g 5300.00
|l 11
|m 103
|o 658.15 TIT
|p 3010033219
|r 2026-05-14
|s 2026-03-30
|t 1
|v 5300.00
|w 2018-07-03
|y BK
|
| 952 |
|
|
|0 0
|1 0
|2 ddc
|4 0
|6 658_150000000000000_TIT
|7 0
|9 64045
|a BRACUL
|b BRACUL
|c GEN
|d 2018-07-26
|e STS International
|g 5300.00
|l 8
|m 84
|o 658.15 TIT
|p 3010033527
|r 2022-09-04
|s 2022-08-23
|t 5
|v 5300.00
|w 2018-07-26
|y BK
|